La conexión libertad-determinismo: una reconstrucción filosófica de las ciencias sociales

Saved in:
書目詳細資料
主要作者: Gibert Galassi, Jorge (Author)
格式: 圖書
語言:西班牙语
出版: Santiago RIL 2005
主題:
標簽: 添加標簽
沒有標簽, 成為第一個標記此記錄!

MARC

LEADER 00000nam a2200000 a 4500
001 UCK9456
003 CL-VaPUC
008 060512e20050000CL |||||||||||||||||spa|d
020 |a 9562844781 
082 0 4 |a 300.1  |b GIB  |2 21 
100 |a Gibert Galassi, Jorge  |e author  |9 585505 
245 1 3 |a La conexión libertad-determinismo: una reconstrucción filosófica de las ciencias sociales 
300 |a 180 p 
942 |c BK 
945 |d 20060512 00:00:00  |a jtorresc 
260 |a Santiago  |b RIL  |c 2005 
650 0 |a Filosofía de las ciencias sociales  |9 268057 
583 |a last modification  |c 20060512 00:00:00  |k Rodrigo Vera 
999 |c 316660  |d 316658 
952 |0 0  |1 0  |4 0  |6 300_100000000000000_GIB_2005  |7 0  |8 A  |9 391297  |a BIBEDU  |b BIBEDU  |d 2019-11-22  |i 4225821  |o 300.1 GIB 2005  |p 4225821  |r 2019-11-22  |w 2019-11-22  |y BK  |k FIL